| 000 -CABECERA |
| Longitud fija campo de control |
00685nam a2200229 a 4500 |
| 001 - NÚMERO DE CONTROL |
| Número de control |
157 |
| 003 - IDENTIFICADOR DEL NÚMERO DE CONTROL |
| Identificador del número de control |
CDMR |
| 005 - FECHA Y HORA DE LA ÚLTIMA TRANSACCIÓN |
| Fecha y hora de la última transacción |
20131111131302.0 |
| 008 - CÓDIGOS DE INFORMACIÓN DE LONGITUD FIJA |
| Códigos de información de longitud fija |
130130s1982||||||||||||||||||||||||||||d |
| 020 ## - NÚMERO INTERNACIONAL NORMALIZADO PARA LIBROS |
| Número Internacional Normalizado para Libros (ISBN) |
8473395913 |
| 040 ## - FUENTE DE LA CATALOGACIÓN |
| Centro catalogador de origen |
CDMR |
| Lengua de catalogación |
cat |
| Centro transcriptor |
CPC GIRONA |
| 100 1# - PUNTO DE ACCESO PRINCIPAL-NOMBRE DE PERSONA |
| Nombre de persona |
Bustamante, Enrique |
| 9 (RLIN) |
125 |
| 245 14 - MENCIÓN DE TÍTULO |
| Título |
Los amos de la información en España |
| Mención de responsabilidad, etc. |
Enrique Bustamante Ramírez |
| 260 ## - PUBLICACIÓN, DISTRIBUCIÓN, ETC. (PIE DE IMPRENTA) |
| Fecha de publicación, distribución, etc. |
1982 |
| Nombre del editor, distribuidor, etc. |
Akal |
| Lugar de publicación, distribución, etc. |
Madrid |
| 300 ## - DESCRIPCIÓN FÍSICA |
| Extensión |
311 p. |
| 490 0# - MENCIÓN DE SERIE |
| Mención de serie |
Akal universitaria |
| Designación de volumen o secuencia |
30 |
| 490 0# - MENCIÓN DE SERIE |
| Mención de serie |
Sociología |
| 650 04 - PUNTO DE ACCESO ADICIONAL DE MATERIA - TÉRMINO DE MATERIA |
| 9 (RLIN) |
4120 |
| Término de materia o nombre geográfico como elemento inicial |
Empreses periodístiques |
| Subdivisión geográfica |
Espanya |
| 650 04 - PUNTO DE ACCESO ADICIONAL DE MATERIA - TÉRMINO DE MATERIA |
| 9 (RLIN) |
3178 |
| Término de materia o nombre geográfico como elemento inicial |
Mitjans de comunicació de massa |
| Subdivisión de materia general |
Aspectes econòmics |
| 650 04 - PUNTO DE ACCESO ADICIONAL DE MATERIA - TÉRMINO DE MATERIA |
| 9 (RLIN) |
4123 |
| Término de materia o nombre geográfico como elemento inicial |
Concentració industrial |
| 942 ## - ENTRADA DE ELEMENTOS AGREGADOS (KOHA) |
| Koha [por defecto] tipo de item |
Monografies |
| Fuente de clasificaión o esquema |
|